000 00398cam a2200181 4500
001 D13329
008 090401t1964 xxu||||| |||| 00| 0 eng d
035 _a(Sirsi) u9035
041 _aeng
100 _aLuxford, J.H.
245 _aReal estate agency
250 _a4th
260 _aWellington
_bButterworths
_c1964
350 _a0
520 _aShelf 118
942 _n0
948 _c04/03/1997
999 _c86590
_d86590